000 00748nas a22002057a 4500
005 20260512131209.0
008 260512d19871988pormr|p r ||| 00| z0por d
040 _cBR-ViAPE
245 _aAgora
260 _aVitória
_bGráfica Ita Ltda
_c1987-1988
300 _av.
_bil.
310 _aMensal
362 _aAno 16, n. 77 (mar./abr. - 1987) - n. 89 (jun./jul - 1988).
500 _aDisponibilizada apenas a imagem da capa na versão digital, em virtude de restrições de direitos autorais.
500 _aColeção incompleta: disponíveis apenas alguns números do periódico.
650 _aPolítica
_xMeio ambiente
_xEntrevistas
_zEspírito Santo
651 _aEspírito Santo (Brasil)
_vPeriódicos
942 _2ddc
_cPER
_n1
999 _c635
_d635